000 00579nam a2200193Ia 4500
008 151119s9999||||xx |||||||||||||| ||und||
082 _a823.92अली/नोमॅड
082 _bGKKV32193
100 _aआयन हिरसी अली
245 _aनोमॅड
260 _aपुणे
260 _bमेहता पब्लीशिग हाउस
260 _c2013
600 _aआयन हिरसी अली
630 _aनोमॅड
700 _aआयन हिरसी अली
730 _aनोमॅड
942 _cBOOK
999 _c1084498
_d1084495